Most populous US states during the Civil War - Statistics

General Stats
  • This quiz has been taken 66 times
  • The average score is 13 of 15
Answer Stats
Population Answer % Correct
3,880,735 New York
100%
2,906,215 Pennsylvania
96%
992,622 North Carolina
92%
2,339,511 Ohio
92%
1,596,318 Virginia
92%
1,057,286 Georgia
90%
1,711,951 Illinois
90%
1,109,801 Tennessee
88%
1,155,684 Kentucky
87%
1,231,066 Massachusetts
87%
964,201 Alabama
85%
1,182,012 Missouri
81%
791,305 Mississippi
79%
1,350,428 Indiana
75%
775,881 Wisconsin
62%
No matching quizzes found
Score Distribution
Percent of People with Each Score
Percentile by Number Answered
Your Score History
You have not taken this quiz